| 000 | 00590am a2200229a 44500 | ||
|---|---|---|---|
| 003 | AR-BaBNM | ||
| 005 | 20251128203458.0 | ||
| 008 | 074019s1964 Arg|||||||||||000 | esp|| | ||
| 040 | _cAR-BaBNM | ||
| 100 | 1 | _aJaguaribe, Hélio | |
| 245 | 1 | 0 | _aDesarrollo económico y desarrollo político |
| 260 |
_aBuenos Aires _bEudeba _c1964 |
||
| 300 |
_a215 p. _btablas |
||
| 650 | 4 | _aDESARROLLO ECONOMICO | |
| 650 | 4 | _aHISTORIA ECONOMICA | |
| 650 | 4 | _aCAPITALISMO | |
| 650 | 4 | _aMODELOS ECONOMICOS | |
| 650 | 4 | _aHISTORIA LATINOAMERICANA | |
| 651 | 4 | _aBrasil | |
| 942 | _cBK | ||
| 998 | _cCasco | ||
| 999 |
_c3571 _d3571 |
||